Elementary structural analysis / (Record no. 11161)
[ view plain ]
| 000 -LEADER | |
|---|---|
| fixed length control field | 00525cam a2200193ua 4500 |
| 003 - CONTROL NUMBER IDENTIFIER | |
| control field | OSt |
| 008 - FIXED-LENGTH DATA ELEMENTS--GENERAL INFORMATION | |
| fixed length control field | 250602b |||||||| |||| 00| 0 eng d |
| 020 ## - INTERNATIONAL STANDARD BOOK NUMBER | |
| ISBN | 0-07-058116-9 |
| 041 ## - LANGUAGE CODE | |
| Language code of text/sound track or separate title | eng |
| 082 ## - DEWEY DECIMAL CLASSIFICATION NUMBER | |
| Classification number | 624.171 |
| Item number | UTK/EL |
| 100 ## - MAIN ENTRY--AUTHOR NAME | |
| Personal name | Charles, Head Norris . |
| 245 ## - TITLE STATEMENT | |
| Title | Elementary structural analysis / |
| 250 ## - EDITION STATEMENT | |
| Edition statement | 4 / |
| 260 ## - PUBLICATION, DISTRIBUTION, ETC. (IMPRINT) | |
| Place of publication | New Delhi : |
| Name of publisher | Tata Mc-Graw Hill Publishing Company , |
| Year of publication | 1991. |
| 300 ## - PHYSICAL DESCRIPTION | |
| Number of Pages | 829 ; . |
| 700 1# - ADDED ENTRY--PERSONAL NAME | |
| Personal name | John Benson, Wilbur . |
| 700 1# - ADDED ENTRY--PERSONAL NAME | |
| Personal name | Senol, Utku . |
| 942 ## - ADDED ENTRY ELEMENTS (KOHA) | |
| Koha item type | Books |
| Withdrawn status | Lost status | Damaged status | Home library | Current library | Date acquired | Full call number | Accession Number | Koha item type |
|---|---|---|---|---|---|---|---|---|
| KAUAET | KAUAET | 07/04/2012 | 624.171 UTK/EL | 20829 | Books |
